000 00272nam a2200121Ia 4500
008 190216s9999||||xx |||||||||||||| ||und||
100 _aThakazhi Sivasankara Pillai
245 0 _aChemmeen
260 _bDc Books Kottayam
300 _a213
650 _aNovel
942 _cBK
999 _c27316
_d27316